[Event "16. Torneo Aficionados Benidorm s-2300"]
[Site "Benidorm ESP"]
[Date "2017.12.05"]
[Round "6.3"]
[White "Olhovik, Andrei"]
[Black "Saenz Narciso, Miguel Angel"]
[Result "1/2-1/2"]
[WhiteElo "2299"]
[BlackElo "2228"]
[PlyCount "62"]
[EventDate "2017.12.01"]
[EventType "swiss"]
[EventRounds "10"]
[EventCountry "ESP"]
[SourceTitle "Ajedrez en Madrid"]
[Source "lmi"]
[SourceDate "2017.12.01"]
[SourceVersion "1"]
[SourceVersionDate "2018.01.25"]
[SourceQuality "1"]

1. d4 Nf6 2. c4 c5 3. d5 b5 4. cxb5 a6 5. bxa6 g6 6. Nc3 Bxa6 7. Nf3 Bg7 8. Nd2
O-O 9. e4 Bxf1 10. Nxf1 Qa5 11. Bd2 d6 12. Ne3 Qa6 13. Qe2 Nbd7 14. Qxa6 Rxa6
15. Ke2 Rb8 16. Rab1 Nh5 17. Ned1 Ne5 18. f3 Nc4 19. Kd3 Nxd2 20. Kxd2 Bd4 21.
Kc2 f5 22. Re1 Kf7 23. a4 fxe4 24. fxe4 Nf6 25. b3 Be5 26. g3 Rb4 27. Re2 Ra8
28. Kd3 Rab8 29. Kc2 Ra8 30. Kd3 Rab8 31. Kc2 Ra8 1/2-1/2

[Event "16. Torneo Aficionados Benidorm s-2300"]
[Site "Benidorm ESP"]
[Date "2017.12.05"]
[Round "6.4"]
[White "Picazo Lopez, Juan Antonio"]
[Black "Moreno Ibañez, Miguel"]
[Result "1-0"]
[WhiteElo "2204"]
[BlackElo "2272"]
[PlyCount "121"]
[EventDate "2017.12.01"]
[EventType "swiss"]
[EventRounds "10"]
[EventCountry "ESP"]
[SourceTitle "Ajedrez en Madrid"]
[Source "lmi"]
[SourceDate "2017.12.01"]
[SourceVersion "1"]
[SourceVersionDate "2018.01.25"]
[SourceQuality "1"]

1. d4 Nf6 2. c4 c5 3. d5 g6 4. Nc3 Bg7 5. g3 O-O 6. Bg2 d6 7. e4 e6 8. Nge2
exd5 9. cxd5 Re8 10. a4 Na6 11. O-O Nb4 12. h3 b6 13. Bg5 h6 14. Be3 Ba6 15.
Qd2 Kh7 16. g4 Nd7 17. f4 f5 18. g5 Bd3 19. h4 Nf8 20. Ng3 h5 21. Kh1 Qd7 22.
Bh3 Qf7 23. Rg1 Bxe4+ 24. Ncxe4 Qxd5 25. Qe2 Rxe4 26. Nxe4 Qxe4+ 27. Bg2 Qe8
28. Bxa8 Qxa8+ 29. Qg2 Qe4 30. Qxe4 fxe4 31. Rad1 d5 32. b3 d4 33. Bd2 Nd5 34.
Rge1 e3 35. Bc1 Ne6 36. Kg2 Nc3 37. Kf3 Nxd1 38. Rxd1 Kg8 39. Ke4 Kf7 40. Rf1
Ke7 41. Kd3 Nd8 42. f5 gxf5 43. Rxf5 Ke6 44. Rf1 Nf7 45. a5 b5 46. Ba3 Ne5+ 47.
Ke4 e2 48. Re1 d3 49. Bc1 c4 50. bxc4 bxc4 51. Bd2 c3 52. Bxc3 Nf3 53. Kxd3
Bxc3 54. Rxe2+ Be5 55. g6 Kf5 56. Rf2 Kg4 57. Ke4 Nxh4 58. Rg2+ Kh3 59. Kxe5
Kxg2 60. g7 Nf3+ 61. Ke4 1-0

[Event "16. Torneo Aficionados Benidorm s-2300"]
[Site "Benidorm ESP"]
[Date "2017.12.05"]
[Round "6.5"]
[White "Iglesias, Jorge"]
[Black "Levay, Sorin"]
[Result "1-0"]
[WhiteElo "2291"]
[BlackElo "2196"]
[PlyCount "69"]
[EventDate "2017.12.01"]
[EventType "swiss"]
[EventRounds "10"]
[EventCountry "ESP"]
[SourceTitle "Ajedrez en Madrid"]
[Source "lmi"]
[SourceDate "2017.12.01"]
[SourceVersion "1"]
[SourceVersionDate "2018.01.25"]
[SourceQuality "1"]

1. c4 c5 2. Nf3 Nc6 3. Nc3 g6 4. e3 Bg7 5. d4 d6 6. Be2 Nh6 7. d5 Nb8 8. h3 O-O
9. O-O Na6 10. e4 Nc7 11. Bf4 f6 12. Re1 Nf7 13. Bf1 a6 14. Rb1 b6 15. a3 a5
16. b3 Bd7 17. Nb5 Nxb5 18. cxb5 Qe8 19. a4 Qb8 20. Rc1 Qa7 21. Nd2 Rad8 22.
Nc4 Qb7 23. Be2 Kh8 24. Bg4 Be8 25. h4 Qb8 26. Be6 h5 27. Rc3 g5 28. Bd2 g4 29.
f3 Bd7 30. fxg4 Bxe6 31. dxe6 Ne5 32. Nxe5 dxe5 33. g5 fxg5 34. Qxh5+ Kg8 35.
Qxg5 1-0

[Event "16. Torneo Aficionados Benidorm s-2300"]
[Site "Benidorm ESP"]
[Date "2017.12.05"]
[Round "6.6"]
[White "Nieves Cabanes, Javier"]
[Black "Gromovs, Sergejs"]
[Result "1/2-1/2"]
[WhiteElo "2184"]
[BlackElo "2257"]
[PlyCount "71"]
[EventDate "2017.12.01"]
[EventType "swiss"]
[EventRounds "10"]
[EventCountry "ESP"]
[SourceTitle "Ajedrez en Madrid"]
[Source "lmi"]
[SourceDate "2017.12.01"]
[SourceVersion "1"]
[SourceVersionDate "2018.01.25"]
[SourceQuality "1"]

1. d4 d6 2. Nf3 Bg4 3. g3 e6 4. Bg2 Nd7 5. c4 c6 6. d5 exd5 7. cxd5 c5 8. Nfd2
Be7 9. Nc3 Bh5 10. O-O Ngf6 11. h3 h6 12. Nc4 O-O 13. a4 Nb6 14. Ne3 a5 15. Nf5
Re8 16. Nxe7+ Qxe7 17. Qb3 Nbd7 18. Bf4 g5 19. Bd2 b6 20. Rae1 Rac8 21. Qc4 Bg6
22. Kh2 Ne5 23. Qb3 c4 24. Qxb6 Rb8 25. Qd4 Rxb2 26. Nb5 Ra2 27. Bxa5 Rxa4 28.
Bc7 Qd7 29. Bxd6 Qxb5 30. Bxe5 c3 31. Qxc3 Rc4 32. Qa1 Ra4 33. Qc3 Rc4 34. Qa1
Ra4 35. Qc3 Rc4 36. Qa1 1/2-1/2

[Event "16. Torneo Aficionados Benidorm s-2300"]
[Site "Benidorm ESP"]
[Date "2017.12.05"]
[Round "6.7"]
[White "Yuksel, Atilla Koksal"]
[Black "Rodriguez Alvarez, Vidal"]
[Result "1-0"]
[WhiteElo "2184"]
[BlackElo "2256"]
[PlyCount "74"]
[EventDate "2017.12.01"]
[EventType "swiss"]
[EventRounds "10"]
[EventCountry "ESP"]
[SourceTitle "Ajedrez en Madrid"]
[Source "lmi"]
[SourceDate "2017.12.01"]
[SourceVersion "1"]
[SourceVersionDate "2018.01.25"]
[SourceQuality "1"]

1. e4 c5 2. Nc3 g6 3. f4 Bg7 4. Nf3 Nc6 5. Bc4 e6 6. d3 Nge7 7. O-O d5 8. Bb3
O-O 9. Qe1 Nd4 10. Nxd4 cxd4 11. Ne2 dxe4 12. dxe4 d3 13. Nc3 b6 14. Be3 dxc2
15. Bxc2 Nc6 16. Rd1 Qe7 17. e5 Ba6 18. Rf2 Rad8 19. Be4 Rxd1 20. Qxd1 Rd8 21.
Rd2 Rxd2 22. Qxd2 Na5 23. b3 Bf8 24. Bf3 Bb7 25. Ne4 Kg7 26. h3 Bxe4 27. Bxe4
Qa3 28. Kh2 Bc5 29. f5 Bxe3 30. f6+ Kg8 31. Qxe3 Qc5 32. Qf4 Qd4 33. g3 Qb4 34.
Qh6 Qf8 35. Qd2 Qc8 36. Qd6 b5 37. Qd2 Qd8 1-0

[Event "16. Torneo Aficionados Benidorm s-2300"]
[Site "Benidorm ESP"]
[Date "2017.12.05"]
[Round "6.8"]
[White "Van Herck, Marcel"]
[Black "Hristodorescu, Daniel"]
[Result "0-1"]
[WhiteElo "2124"]
[BlackElo "2237"]
[PlyCount "100"]
[EventDate "2017.12.01"]
[EventType "swiss"]
[EventRounds "10"]
[EventCountry "ESP"]
[SourceTitle "Ajedrez en Madrid"]
[Source "lmi"]
[SourceDate "2017.12.01"]
[SourceVersion "1"]
[SourceVersionDate "2018.01.25"]
[SourceQuality "1"]

1. e4 e5 2. Nf3 Nc6 3. Bb5 a6 4. Ba4 Nf6 5. O-O Be7 6. Bxc6 dxc6 7. d3 Nd7 8.
Nbd2 O-O 9. Nc4 f6 10. Nh4 Nc5 11. Nf5 Bxf5 12. exf5 Qd4 13. Be3 Qd5 14. Qg4
Rfe8 15. f3 b5 16. Nd2 Na4 17. b3 Bc5 18. Rfe1 Nc3 19. Ne4 Nxe4 20. Qxe4 Bxe3+
21. Qxe3 c5 22. Qe4 Rad8 23. Qxd5+ Rxd5 24. Re4 Rd4 25. a4 b4 26. Rae1 Kf7 27.
Kf2 g6 28. g4 gxf5 29. gxf5 Rg8 30. f4 Rg4 31. fxe5 Rf4+ 32. Kg3 Rxf5 33. exf6
Kxf6 34. h4 Rxe4 35. dxe4 Re5 36. Kf4 c4 37. bxc4 Ke6 38. Ke3 Rh5 39. Rh1 Ke5
40. a5 Rh6 41. Rd1 Rxh4 42. Rd5+ Ke6 43. Kd4 Rh2 44. Kc5 Rxc2 45. Kxb4 Rh2 46.
Rc5 Kd7 47. Rf5 Kc6 48. Rf6+ Kb7 49. Rf5 Kc6 50. Rf6+ Kb7 0-1

[Event "16. Torneo Aficionados Benidorm s-2300"]
[Site "Benidorm ESP"]
[Date "2017.12.05"]
[Round "6.9"]
[White "Gajic, Mladen"]
[Black "Lorenzo Duran, Marcos"]
[Result "1-0"]
[WhiteElo "2300"]
[BlackElo "2187"]
[PlyCount "61"]
[EventDate "2017.12.01"]
[EventType "swiss"]
[EventRounds "10"]
[EventCountry "ESP"]
[SourceTitle "Ajedrez en Madrid"]
[Source "lmi"]
[SourceDate "2017.12.01"]
[SourceVersion "1"]
[SourceVersionDate "2018.01.25"]
[SourceQuality "1"]

1. e4 e5 2. d4 exd4 3. Qxd4 Nc6 4. Qe3 Nf6 5. Bd2 Bb4 6. Nc3 O-O 7. O-O-O Re8
8. Qg3 d6 9. f3 Be6 10. h4 Kh8 11. h5 h6 12. Nge2 Ne5 13. Nf4 Bc4 14. Nd3 Nxd3+
15. Bxd3 Bxd3 16. cxd3 c6 17. f4 d5 18. e5 Nd7 19. Qf3 Nc5 20. Kb1 Qb6 21. Rc1
d4 22. Ne4 Ba3 23. Rc2 Na4 24. Bc1 Rad8 25. Ka1 Bf8 26. g4 Rd5 27. g5 Re6 28.
gxh6 Rxh6 29. f5 Rxe5 30. Bxh6 gxh6 31. Qg3 1-0

[Event "16. Torneo Aficionados Benidorm s-2300"]
[Site "Benidorm ESP"]
[Date "2017.12.05"]
[Round "6.10"]
[White "Serna Lara, Sergio"]
[Black "Ibañez Aullana, Ramon"]
[Result "1-0"]
[WhiteElo "2224"]
[BlackElo "2295"]
[PlyCount "49"]
[EventDate "2017.12.01"]
[EventType "swiss"]
[EventRounds "10"]
[EventCountry "ESP"]
[SourceTitle "Ajedrez en Madrid"]
[Source "lmi"]
[SourceDate "2017.12.01"]
[SourceVersion "1"]
[SourceVersionDate "2018.01.25"]
[SourceQuality "1"]

1. d4 f5 2. g3 Nf6 3. Bg2 g6 4. c3 Bg7 5. Qb3 c6 6. Nh3 Na6 7. Nd2 Nc7 8. Ng5
Rf8 9. e4 fxe4 10. Ndxe4 h6 11. Nh3 Ne6 12. O-O Qa5 13. Nxf6+ exf6 14. d5 cxd5
15. Nf4 Kf7 16. Bxd5 Re8 17. Be3 Rb8 18. Rfe1 b6 19. Rad1 Re7 20. Qc2 f5 21. g4
Bb7 22. Nxg6 fxg4 23. Qf5+ Ke8 24. Nxe7 Kxe7 25. b4 1-0

[Event "16. Torneo Aficionados Benidorm s-2300"]
[Site "Benidorm ESP"]
[Date "2017.12.05"]
[Round "6.11"]
[White "Ayats Llobera, Gerard"]
[Black "Alvarez Morales, Miguel"]
[Result "1-0"]
[WhiteElo "2285"]
[BlackElo "2156"]
[PlyCount "101"]
[EventDate "2017.12.01"]
[EventType "swiss"]
[EventRounds "10"]
[EventCountry "ESP"]
[SourceTitle "Ajedrez en Madrid"]
[Source "lmi"]
[SourceDate "2017.12.01"]
[SourceVersion "1"]
[SourceVersionDate "2018.01.25"]
[SourceQuality "1"]

1. e4 Nf6 2. e5 Nd5 3. d4 d6 4. Nf3 Nc6 5. c4 Nb6 6. exd6 exd6 7. Be3 Bg4 8. h3
Bh5 9. Nbd2 Bg6 10. a3 a5 11. d5 Nb8 12. Nb3 Be7 13. Bd3 Bf6 14. Nbd4 Na6 15.
O-O O-O 16. b3 Bxd3 17. Qxd3 Nc5 18. Qc2 a4 19. b4 Nb3 20. Rad1 Nxd4 21. Nxd4
Bg5 22. f4 Bf6 23. Nf5 Re8 24. g4 g6 25. Nh6+ Kg7 26. Bxb6 cxb6 27. g5 Bxg5 28.
Nxf7 Kxf7 29. fxg5+ Kg7 30. Rf6 Re5 31. Rdf1 Rxg5+ 32. Kh2 Qxf6 33. Rxf6 Kxf6
34. Qf2+ Rf5 35. Qxb6 Rf8 36. Qxd6+ Kg7 37. Qg3 Rf3 38. Qe5+ Kh6 39. d6 R8f4
40. Qd5 Rf5 41. Qe4 R5f4 42. Qd5 Rf5 43. Qd2+ g5 44. Kg2 Rf7 45. d7 Rf2+ 46.
Qxf2 Rxd7 47. Qf8+ Kg6 48. Qe8+ Rf7 49. Qxa4 h5 50. Qe8 Kf6 51. c5 1-0

[Event "16. Torneo Aficionados Benidorm s-2300"]
[Site "Benidorm ESP"]
[Date "2017.12.06"]
[Round "7.1"]
[White "Lornye, Pylyp"]
[Black "Iglesias, Jorge"]
[Result "1/2-1/2"]
[WhiteElo "2264"]
[BlackElo "2291"]
[PlyCount "38"]
[EventDate "2017.12.01"]
[EventType "swiss"]
[EventRounds "10"]
[EventCountry "ESP"]
[SourceTitle "Ajedrez en Madrid"]
[Source "lmi"]
[SourceDate "2017.12.01"]
[SourceVersion "1"]
[SourceVersionDate "2018.01.25"]
[SourceQuality "1"]

1. Nf3 Nf6 2. g3 g6 3. Bg2 Bg7 4. O-O O-O 5. d3 d5 6. Nbd2 d4 7. Nc4 Nc6 8. a4
Re8 9. e4 dxe3 10. Nxe3 Nd5 11. Nxd5 Qxd5 12. Ng5 Qd7 13. c3 h6 14. Ne4 b6 15.
d4 Ba6 16. Re1 Rad8 17. a5 Bc4 18. axb6 axb6 19. Be3 Bd5 1/2-1/2

[Event "16. Torneo Aficionados Benidorm s-2300"]
[Site "Benidorm ESP"]
[Date "2017.12.06"]
[Round "7.2"]
[White "Fernandez Barrera, Victor"]
[Black "Picazo Lopez, Juan Antonio"]
[Result "1/2-1/2"]
[WhiteElo "2300"]
[BlackElo "2204"]
[PlyCount "60"]
[EventDate "2017.12.01"]
[EventType "swiss"]
[EventRounds "10"]
[EventCountry "ESP"]
[SourceTitle "Ajedrez en Madrid"]
[Source "lmi"]
[SourceDate "2017.12.01"]
[SourceVersion "1"]
[SourceVersionDate "2018.01.25"]
[SourceQuality "1"]

1. d4 d5 2. Nf3 Nf6 3. c4 e6 4. Nc3 dxc4 5. e3 a6 6. Bxc4 b5 7. Be2 Bb7 8. O-O
Nbd7 9. b3 c5 10. Bb2 Bd6 11. Rc1 O-O 12. a4 b4 13. Nb1 Qe7 14. Nbd2 Rac8 15.
Nc4 Bb8 16. Na5 Bd5 17. g3 Bc7 18. Nc4 Rfd8 19. Qe1 Ne4 20. Ncd2 Nxd2 21. Nxd2
cxd4 22. Bxd4 e5 23. e4 Be6 24. Be3 Bb6 25. Rxc8 Rxc8 26. Bxb6 Nxb6 27. Bxa6
Rc3 28. Qd1 Qc5 29. Be2 g6 30. Re1 h5 1/2-1/2

[Event "16. Torneo Aficionados Benidorm s-2300"]
[Site "Benidorm ESP"]
[Date "2017.12.06"]
[Round "7.3"]
[White "Hristodorescu, Daniel"]
[Black "Yuksel, Atilla Koksal"]
[Result "0-1"]
[WhiteElo "2237"]
[BlackElo "2184"]
[PlyCount "111"]
[EventDate "2017.12.01"]
[EventType "swiss"]
[EventRounds "10"]
[EventCountry "ESP"]
[SourceTitle "Ajedrez en Madrid"]
[Source "lmi"]
[SourceDate "2017.12.01"]
[SourceVersion "1"]
[SourceVersionDate "2018.01.25"]
[SourceQuality "1"]

1. e4 c5 2. Nf3 Nc6 3. Bb5 g6 4. Bxc6 dxc6 5. d3 Bg7 6. h3 Nf6 7. Nc3 Nd7 8.
Be3 e5 9. Qd2 Qe7 10. Bh6 f6 11. Bxg7 Qxg7 12. Nd1 Nf8 13. Ne3 Ne6 14. a4 b6
15. b4 cxb4 16. Qxb4 Qe7 17. Qxe7+ Kxe7 18. g3 Nc5 19. Nd2 Be6 20. f4 exf4 21.
gxf4 Rad8 22. Nf3 Bc8 23. a5 b5 24. h4 Ne6 25. f5 Nd4 26. Nxd4 Rxd4 27. Kd2
gxf5 28. exf5 Rg8 29. c3 Rf4 30. Raf1 Ra4 31. Ra1 Rf4 32. Raf1 Ra4 33. Ra1 Rxa1
34. Rxa1 Rg3 35. d4 Rf3 36. Rg1 Kf7 37. c4 Rf2+ 38. Kc3 Rf3 39. Kd2 Rf4 40.
cxb5 cxb5 41. Rc1 Rxd4+ 42. Ke2 Bd7 43. a6 Ke7 44. Rc7 Kd6 45. Rxa7 Rxh4 46.
Rb7 Ra4 47. Rb6+ Bc6 48. Rb8 Rxa6 49. Ng4 Ra2+ 50. Ke3 Ra3+ 51. Kd2 Ra2+ 52.
Ke3 Ke7 53. Rh8 Ra3+ 54. Kd4 Rh3 55. Kc5 Bd7 56. Kd4 0-1

[Event "16. Torneo Aficionados Benidorm s-2300"]
[Site "Benidorm ESP"]
[Date "2017.12.06"]
[Round "7.4"]
[White "Zohaib Hassan, Mohamed"]
[Black "Gajic, Mladen"]
[Result "0-1"]
[WhiteElo "2231"]
[BlackElo "2300"]
[PlyCount "98"]
[EventDate "2017.12.01"]
[EventType "swiss"]
[EventRounds "10"]
[EventCountry "ESP"]
[SourceTitle "Ajedrez en Madrid"]
[Source "lmi"]
[SourceDate "2017.12.01"]
[SourceVersion "1"]
[SourceVersionDate "2018.01.25"]
[SourceQuality "1"]

1. d4 Nf6 2. Nf3 c5 3. c4 cxd4 4. Nxd4 e5 5. Nc2 d5 6. cxd5 Qxd5 7. Qxd5 Nxd5
8. e4 Nb4 9. Nxb4 Bxb4+ 10. Bd2 Nc6 11. Bb5 Bd7 12. Bxc6 Bxd2+ 13. Nxd2 Bxc6
14. f3 Ke7 15. Nc4 Ke6 16. Ne3 g6 17. g4 h5 18. g5 Rhd8 19. Rd1 Rxd1+ 20. Kxd1
Rd8+ 21. Kc2 Bb5 22. Rd1 Rd4 23. Nd5 Bc4 24. Nf4+ Kd6 25. Rxd4+ exd4 26. Nd3 a5
27. f4 Bxa2 28. b3 a4 29. bxa4 b6 30. Kb2 Bc4 31. Ne5 Be6 32. Kc2 Kc5 33. Kd3
Ba2 34. Nd7+ Kc6 35. Ne5+ Kc5 36. Nd7+ Kc6 37. Ne5+ Kc5 38. Kc2 Be6 39. Nd3+
Kc4 40. f5 gxf5 41. Nf4 Bd7 42. e5 h4 43. Nh5 Bxa4+ 44. Kd2 Kd5 45. g6 fxg6 46.
Nf4+ Kxe5 47. Nxg6+ Ke4 48. Nxh4 f4 49. Ng6 f3 0-1

[Event "16. Torneo Aficionados Benidorm s-2300"]
[Site "Benidorm ESP"]
[Date "2017.12.06"]
[Round "7.5"]
[White "Olcum, Ahmet"]
[Black "Olhovik, Andrei"]
[Result "0-1"]
[WhiteElo "2231"]
[BlackElo "2299"]
[PlyCount "74"]
[EventDate "2017.12.01"]
[EventType "swiss"]
[EventRounds "10"]
[EventCountry "ESP"]
[SourceTitle "Ajedrez en Madrid"]
[Source "lmi"]
[SourceDate "2017.12.01"]
[SourceVersion "1"]
[SourceVersionDate "2018.01.25"]
[SourceQuality "1"]

1. d4 d5 2. Nf3 Nf6 3. Bf4 c5 4. e3 Nc6 5. c3 Qb6 6. Qb3 c4 7. Qc2 Bf5 8. Qc1
e6 9. Nbd2 h6 10. Be2 Be7 11. h3 O-O 12. g4 Bg6 13. Rg1 Nd7 14. h4 e5 15. Bxe5
Ncxe5 16. Nxe5 Nxe5 17. dxe5 Bxh4 18. Nf3 Be7 19. Qd2 Rad8 20. Nd4 Rfe8 21. f4
Be4 22. Bf3 f6 23. O-O-O fxe5 24. fxe5 Bg5 25. Bxe4 dxe4 26. Qe2 Qa6 27. e6
Qxa2 28. Rgf1 Rd6 29. Kc2 Rb6 30. Rb1 Be7 31. Kc1 Bc5 32. Qf2 Rf8 33. Qg2 Rxf1+
34. Qxf1 Rxe6 35. Qf5 Rf6 36. Qd5+ Kh8 37. Nf5 Rxf5 0-1

[Event "16. Torneo Aficionados Benidorm s-2300"]
[Site "Benidorm ESP"]
[Date "2017.12.06"]
[Round "7.6"]
[White "Saenz Narciso, Miguel Angel"]
[Black "Ayats Llobera, Gerard"]
[Result "1/2-1/2"]
[WhiteElo "2228"]
[BlackElo "2285"]
[PlyCount "121"]
[EventDate "2017.12.01"]
[EventType "swiss"]
[EventRounds "10"]
[EventCountry "ESP"]
[SourceTitle "Ajedrez en Madrid"]
[Source "lmi"]
[SourceDate "2017.12.01"]
[SourceVersion "1"]
[SourceVersionDate "2018.01.25"]
[SourceQuality "1"]

1. d4 Nf6 2. Nf3 c5 3. d5 b5 4. Bg5 Qb6 5. a4 Ne4 6. axb5 Nxg5 7. Nxg5 Qxb5 8.
Nd2 Qxb2 9. e4 h6 10. Ngf3 g6 11. Bd3 Qb7 12. e5 Bg7 13. O-O O-O 14. d6 exd6
15. exd6 Qb6 16. Nc4 Qd8 17. Rb1 Ba6 18. Nfe5 Nc6 19. Nxc6 dxc6 20. Re1 Re8 21.
Qf3 Qd7 22. Na5 Bxd3 23. Qxd3 Bf8 24. Nc4 Rad8 25. g3 Re6 26. Rxe6 Qxe6 27. Rd1
Rd7 28. h4 h5 29. Rd2 Qf6 30. Qe4 Qe6 31. Qxc6 Rd8 32. Qd5 Qxd5 33. Rxd5 f6 34.
Rxc5 Bxd6 35. Nxd6 Rxd6 36. Rc8+ Kf7 37. Rc7+ Ke6 38. Rxa7 Rd1+ 39. Kg2 Rc1 40.
Rc7 Kf5 41. Kf3 g5 42. Rc5+ Kg6 43. hxg5 fxg5 44. Ke2 h4 45. gxh4 gxh4 46. Kf3
Rg1 47. Rc8 Kf5 48. Rf8+ Ke6 49. Rf4 h3 50. Rh4 Rc1 51. Rxh3 Rxc2 52. Rh5 Rc4
53. Ra5 Kf6 54. Kg3 Rc1 55. Kg4 Rc4+ 56. f4 Rc6 57. Rh5 Rc1 58. Rh6+ Kg7 59.
Ra6 Rc5 60. f5 Rc1 61. Kg5 1/2-1/2

[Event "16. Torneo Aficionados Benidorm s-2300"]
[Site "Benidorm ESP"]
[Date "2017.12.06"]
[Round "7.7"]
[White "Garcia Blanco, Omar"]
[Black "Stanca, Adrian"]
[Result "0-1"]
[WhiteElo "2274"]
[BlackElo "2226"]
[PlyCount "166"]
[EventDate "2017.12.01"]
[EventType "swiss"]
[EventRounds "10"]
[EventCountry "ESP"]
[SourceTitle "Ajedrez en Madrid"]
[Source "lmi"]
[SourceDate "2017.12.01"]
[SourceVersion "1"]
[SourceVersionDate "2018.01.25"]
[SourceQuality "1"]

1. e4 e5 2. Nf3 Nc6 3. d4 exd4 4. Nxd4 g6 5. Nxc6 bxc6 6. Bd3 Bg7 7. O-O Ne7 8.
Nc3 Rb8 9. Qe1 O-O 10. Rb1 d6 11. Bg5 Be6 12. Qd2 Qd7 13. Bh6 f6 14. Bxg7 Kxg7
15. b3 c5 16. Ne2 Qc6 17. c4 Qd7 18. Nc3 Nc6 19. Rbe1 Bg8 20. f4 Rbe8 21. Bb1
Kh8 22. Rf3 Nd4 23. Rfe3 g5 24. Rf1 Ne6 25. Ne2 Nxf4 26. Nxf4 gxf4 27. Rxf4 Re5
28. Ref3 Kg7 29. Bd3 Be6 30. Rh4 Kh8 31. Qf2 Qe7 32. Rh6 Kg7 33. Qh4 Bg8 34. h3
a6 35. Kh1 Rf7 36. Rg3+ Kh8 37. Rhg6 Rf8 38. Qh6 Rg5 39. R6xg5 fxg5 40. Rxg5
Rf6 41. Qh5 Bf7 42. Qg4 Bg6 43. Qg3 Re6 44. Rg4 Kg7 45. Kh2 Qf6 46. h4 Re5 47.
Rf4 Qe7 48. Rf5 Kh8 49. Rxe5 dxe5 50. Qg4 Qd8 51. Be2 Qd2 52. Bf3 Qd6 53. Qg5
Bf7 54. h5 h6 55. Qf5 Kg7 56. g4 Qf6 57. Kg3 Be6 58. Qxf6+ Kxf6 59. Kh4 a5 60.
Bg2 Bd7 61. Bh1 Be6 62. Bf3 Bd7 63. Bg2 Be6 64. Bh3 Bf7 65. g5+ hxg5+ 66. Kg4
Be6+ 67. Kg3 Bf7 68. Bg4 Kg7 69. Be2 Kh6 70. Bd1 Bxh5 71. Bc2 Kg6 72. a4 Kf6
73. Kf2 Kg6 74. Kg3 Kh6 75. Kf2 Bg4 76. Kg2 Kh5 77. Kg3 c6 78. b4 cxb4 79. c5
Be6 80. Bd1+ Kg6 81. Kf3 b3 82. Ke3 b2 83. Bc2 Ba2 0-1

[Event "16. Torneo Aficionados Benidorm s-2300"]
[Site "Benidorm ESP"]
[Date "2017.12.06"]
[Round "7.8"]
[White "Gromovs, Sergejs"]
[Black "Serna Lara, Sergio"]
[Result "1/2-1/2"]
[WhiteElo "2257"]
[BlackElo "2224"]
[PlyCount "118"]
[EventDate "2017.12.01"]
[EventType "swiss"]
[EventRounds "10"]
[EventCountry "ESP"]
[SourceTitle "Ajedrez en Madrid"]
[Source "lmi"]
[SourceDate "2017.12.01"]
[SourceVersion "1"]
[SourceVersionDate "2018.01.25"]
[SourceQuality "1"]

1. d4 d5 2. c4 e6 3. Nc3 a6 4. e3 Nf6 5. Nf3 dxc4 6. Bxc4 b5 7. Bd3 c5 8. dxc5
Bxc5 9. Qc2 Nbd7 10. O-O Bb7 11. e4 Rc8 12. Qe2 Qc7 13. Bg5 h6 14. Bh4 Nh5 15.
Ne1 Nf4 16. Qg4 g5 17. Bg3 Ne5 18. Bxf4 Nxg4 19. Bxc7 Rxc7 20. Nf3 Ke7 21. h3
Rd8 22. Rad1 Nf6 23. e5 Nd5 24. Ne4 Nf4 25. Bb1 Ne2+ 26. Kh2 Rxd1 27. Rxd1 Bxe4
28. Bxe4 Bxf2 29. g4 Rd7 30. Rxd7+ Kxd7 31. Bb7 a5 32. Ba6 Nd4 33. Nxd4 Bxd4
34. Bxb5+ Ke7 35. b3 Bxe5+ 36. Kg2 f5 37. Kf3 Kf6 38. Bd7 Bd6 39. Bc8 Bf8 40.
Bd7 h5 41. Bc8 fxg4+ 42. hxg4 h4 43. Ke4 Bc5 44. Ba6 h3 45. Bf1 h2 46. Bg2 Ba3
47. Bh1 Ke7 48. Bg2 Kd6 49. Bh1 Bb2 50. Bg2 Kc5 51. Kd3 Be5 52. Bh1 Kb4 53. Kc2
Bc7 54. a4 Bf4 55. Bg2 Kc5 56. Kd3 Kb4 57. Kc2 Kc5 58. Kd3 Kb4 59. Kc2 Kc5
1/2-1/2

[Event "16. Torneo Aficionados Benidorm s-2300"]
[Site "Benidorm ESP"]
[Date "2017.12.06"]
[Round "7.9"]
[White "Saber, Yasser"]
[Black "Cubas Pons, Juan Miguel"]
[Result "1/2-1/2"]
[WhiteElo "2248"]
[BlackElo "2187"]
[PlyCount "129"]
[EventDate "2017.12.01"]
[EventType "swiss"]
[EventRounds "10"]
[EventCountry "ESP"]
[SourceTitle "Ajedrez en Madrid"]
[Source "lmi"]
[SourceDate "2017.12.01"]
[SourceVersion "1"]
[SourceVersionDate "2018.01.25"]
[SourceQuality "1"]

1. d3 d5 2. g3 Nf6 3. Bg2 c5 4. f4 Nc6 5. Nf3 g6 6. O-O Bg7 7. Nc3 d4 8. Na4
Qd6 9. c4 O-O 10. a3 Re8 11. Rb1 e5 12. fxe5 Nxe5 13. b4 Nxf3+ 14. Rxf3 cxb4
15. axb4 Qe5 16. Qf1 Bg4 17. Nc5 a5 18. Nxb7 axb4 19. Bf4 Qxe2 20. Nd6 Re6 21.
Rf2 Qxf1+ 22. Kxf1 Ra3 23. h3 Bf8 24. Nb5 Bf5 25. Nxa3 Bxd3+ 26. Kg1 bxa3 27.
Rb8 Bxc4 28. Ra8 Re8 29. Ra4 Re1+ 30. Kh2 a2 31. Raxa2 Bxa2 32. Rxa2 Kg7 33.
Ra8 Nh5 34. Bc7 Bb4 35. g4 Nf6 36. Rd8 Bc5 37. Bf3 Re7 38. Ba5 g5 39. Bd2 h6
40. h4 Bb6 41. Rc8 Ne4 42. Bb4 Re6 43. hxg5 Nxg5 44. Bd5 Re2+ 45. Kg3 Re3+ 46.
Kg2 Ne6 47. Bc4 Kf6 48. Rc6 Bd8 49. Rc8 Be7 50. Bd2 Nf4+ 51. Kf2 Nd3+ 52. Kf1
Rf3+ 53. Ke2 Ne5 54. Bxh6 Rc3 55. Ba6 Nxg4 56. Bd2 Rxc8 57. Bxc8 Ne5 58. Bf4
Ng6 59. Kf3 Bb4 60. Ba6 Ke6 61. Bc4+ Kf6 62. Bg3 Nf8 63. Ke4 Bc5 64. Be5+ Kg6
65. Bxf7+ 1/2-1/2

[Event "16. Torneo Aficionados Benidorm s-2300"]
[Site "Benidorm ESP"]
[Date "2017.12.06"]
[Round "7.10"]
[White "Exposito Amaro, Josue"]
[Black "Nieves Cabanes, Javier"]
[Result "1/2-1/2"]
[WhiteElo "2263"]
[BlackElo "2184"]
[PlyCount "99"]
[EventDate "2017.12.01"]
[EventType "swiss"]
[EventRounds "10"]
[EventCountry "ESP"]
[SourceTitle "Ajedrez en Madrid"]
[Source "lmi"]
[SourceDate "2017.12.01"]
[SourceVersion "1"]
[SourceVersionDate "2018.01.25"]
[SourceQuality "1"]

1. Nc3 d5 2. e4 d4 3. Nce2 e5 4. Ng3 Be6 5. Nf3 f6 6. Bb5+ Nd7 7. Ba4 c5 8. O-O
Ne7 9. Nh4 Nc6 10. d3 c4 11. Bb5 Nb6 12. dxc4 Nxc4 13. a3 Qb6 14. Ba4 O-O-O 15.
b4 g5 16. Nhf5 Ne7 17. Bb3 Kb8 18. Qe2 Qc7 19. Nh5 Ng8 20. Rd1 Rc8 21. Qf3 Qf7
22. h3 h6 23. g4 Rh7 24. c3 dxc3 25. Qxc3 Qe8 26. Qf3 Rhc7 27. Bxc4 Rxc4 28.
Ne3 Rc3 29. Bb2 Rb3 30. Nxf6 Qb5 31. a4 Qxb4 32. Bxe5+ Ka8 33. Nxg8 Bxg8 34.
Qf5 Re8 35. Qg6 Rc8 36. Qxg8 Rxe3 37. Rac1 Rxc1 38. Rxc1 Re1+ 39. Rxe1 Qxe1+
40. Kg2 Qxe4+ 41. Kf1 Qb1+ 42. Ke2 Qc2+ 43. Ke3 Qc1+ 44. Ke4 Qb1+ 45. Ke3 Qc1+
46. Kf3 Qh1+ 47. Ke2 Qe4+ 48. Kd2 Qb4+ 49. Kd3 Qb1+ 50. Ke3 1/2-1/2